00402 2200157 4500245007600000020002200076250001100098100001800109700001500127005001900142260002400161041001400185084001000199300002600209336000900235 aPeranan Generasi Muda dalam Menjunjung Nama BangsacAang AthoridahText a978-602-8823-18-0 aCet. 1 aAang Athorida aRachmawati a20230331083639 aBekasibPijarc2011 aIndonesia a362.7 avi, 114 hlm. :cilus. atext